Fußball WM Gastgeberland? #3 - Statistiken

Allgemein
  • Dieses Quiz wurde 234 mal gespielt
  • Das Durchschnittsergebnis liegt bei 6 aus 8
Antwortstatistiken
Hint Antwort % Korrekt
Senegal Nein
95%
Indien Nein
94%
Katar Ja
92%
Kolumbien Nein
87%
Türkei Nein
84%
Tschechien Nein
84%
Schweiz Ja
71%
Portugal Ja
38%
Keine übereinstimmenden Quizze gefunden
Verteilung der Resultate
Anzahl Personen mit jedem Resultat
Perzentil nach korrekt beantworteten Fragen
Ihre Resultats-Entwicklung
Sie haben dieses Quiz noch nicht gespielt